[Event "Jurmala"]
[Site "Jurmala"]
[Date "1978.??.??"]
[Round "4"]
[White "Nogueiras, Jesus"]
[Black "Sahovic, Dragutin"]
[Result "1/2-1/2"]
[WhiteElo "2385"]
[BlackElo "2490"]

1.e4 e6 2.d4 d5 3.Nd2 Nc6 4.Ngf3 Nf6 5.e5 Nd7 6.Bd3 Nb4 7.Be2 c5 8.c3 Nc6
9.O-O b6 10.c4 Bb7 11.cxd5 exd5 12.Nb1 Be7 13.Nc3 cxd4 14.Nxd5 Ndxe5 15.Nxe7 Qxe7
16.Nxe5 Qxe5 17.Ba6 O-O-O 18.Re1 Qd5 19.Bd3 Kb8 20.Be4 Qd6 21.Qh5 f6 22.Bd2 Ne5
23.f4 Nc6 24.Rac1 g6 25.Qb5 Rc8 26.Rc4 Rhe8 27.Rcc1 f5 28.Bd3 Rxe1+ 29.Rxe1 Qc5
30.Qa4 Qd5 31.Bc4 Qd6 32.Bd3 Qd5 33.Bc4 Qd6 34.Bd3 Nd8 35.Qe8 Qd5 36.Qe5+ Qxe5
37.Rxe5 Nc6 38.Re6 Kc7 39.Rf6 Rd8 40.Rf7+ Rd7 41.Rxd7+ Kxd7 42.Bb5 Kd6 43.Bxc6 Bxc6
44.Bb4+ Kd5 45.Kf2 Ke4 46.Bd6 Bd5 47.a3 Bb3 48.g3 a5 49.Bc7 d3 50.Ke1 Kf3
51.Bxb6 a4 52.Ba5 Kg2 53.Bd2 Kxh2 54.Kf2 Kh3 55.Bc1 Kg4 56.Bd2 h6 57.Bc1 g5
58.fxg5 hxg5 59.Be3 Kh5 60.Bd2 Kg6 61.Bc1 Bc4 62.Ke3 Kf6 63.Bd2 Bb5 64.Kd4 Kg6
65.Ke3 Kh5 66.Kf2 Bc6 67.Be3 Be4 68.Bd2 f4 69.gxf4 g4 70.Be1 Kg6 71.Ke3 Bf5
72.Bf2 Kf6 73.Be1 Ke6 74.Kd4 Kd6 75.Bb4+ Kc6 76.Be1 Kb5 77.Bd2 g3 78.Be3 Kc6
79.Kc4 Kd6 80.b4 axb3 81.Kxb3 Kd5 82.Kc3 Ke4 83.Kd2 Bd7 84.Bb6 Bb5 85.Bc7 Kf5
86.a4 Bc4 87.a5 Ba6 88.Bb8 g2 89.Ba7 Kxf4 90.Bg1 Ke4 91.Bf2 Kd5 92.Bg1 Kc4
93.Bf2 Kb4 94.Bg1 Kxa5 95.Bf2 Kb4 96.Bg1 Kc4 97.Bf2 Kd5 98.Bg1 Ke4 99.Bf2 Bc8
100.Bg1 Bf5 101.Bf2 Kf4 102.Bg1 Kg3 103.Ke1 Be4 104.Kd2  1/2-1/2

[Event "Kiev"]
[Site "Kiev"]
[Date "1978.??.??"]
[Round "12"]
[White "Peresipkin, Vladimir"]
[Black "Romanishin, Oleg M"]
[Result "1/2-1/2"]
[WhiteElo "2200"]
[BlackElo "2610"]

1.e4 e6 2.d4 d5 3.Nd2 Be7 4.Ngf3 Nf6 5.Bd3 c5 6.exd5 Qxd5 7.dxc5 Bxc5 8.O-O Nc6
9.Qe2 Nb4 10.Bc4 Qf5 11.Nb3 Be7 12.Nfd4 Qh5 13.Bb5+ Bd7 14.Bxd7+ Kxd7 15.Nf3 Rhc8
16.Bg5 a6 17.Nbd4 Ke8 18.Rfe1 Nc6 19.Rad1 h6 20.Bh4 Nxd4 21.Rxd4 Rd8 22.Red1 Qa5
23.a3 Rxd4 24.Rxd4 Rd8 25.c3 Qf5 26.Rxd8+ Bxd8 27.Bxf6 Bxf6 28.g3 g5 29.Ne1 Bd8
30.Nd3 Bb6 31.Kg2 Ke7 32.Ne5 h5 33.Nc4 Qd5+ 34.Kg1 Ba7 35.Ne5 h4 36.gxh4 Bb8  1/2-1/2

[Event "Lone Pine op"]
[Site "Lone Pine"]
[Date "1978.??.??"]
[Round "4"]
[White "Shamkovich, Leonid"]
[Black "Van der Sterren, Paul"]
[Result "0-1"]
[WhiteElo "2485"]
[BlackElo "2400"]

1.e4 e6 2.d4 d5 3.Nd2 Nc6 4.Ngf3 Nf6 5.e5 Nd7 6.Nb3 Be7 7.c3 O-O 8.Bd3 f6
9.Qe2 fxe5 10.Nxe5 Ncxe5 11.dxe5 c5 12.Qh5 h6 13.Bxh6 Nxe5 14.Qxe5 gxh6 15.Qg3+ Bg5
16.Nxc5 Kh8 17.h4 Bf4 18.Qg6 Qe7 19.g3 Rf6 20.Qh5 Bc7 21.Nb3 e5 22.O-O-O Qg7
23.Qe8+ Rf8 24.Qb5 Bg4 25.Rd2 Bb6 26.Be2 Bd7 27.Qb4 Rxf2 28.Nc5 Bf5 29.g4 Rc8
30.Rxd5 Rxe2 31.gxf5 Qg2 32.Rhd1 Rxc5 33.Rxc5 Bxc5 34.Qb5 Bf8 35.a4 h5 36.Kb1 a6
37.Qb3 Qe4+ 38.Ka2 Qc2 39.Rd8 Qxb3+ 40.Kxb3 Kg8 41.Rb8 e4 42.Rxb7 e3 43.Rb6 Rd2
44.Re6 e2 45.c4 a5 46.Kc3  0-1

[Event "Kamen Piskov mem 2"]
[Site "Ruse"]
[Date "1978.??.??"]
[Round "11"]
[White "Atanasov, Petko"]
[Black "Kolarov, Atanas S"]
[Result "1/2-1/2"]
[WhiteElo "2305"]
[BlackElo "2435"]

1.e4 e6 2.d4 d5 3.Nd2 Nc6 4.Ngf3 Nf6 5.e5 Nd7 6.Nb3 a5 7.a4 b6 8.Bd2 Na7
9.Bd3 Be7 10.Be3 Bb7 11.c3 c5 12.Nbd2  1/2-1/2

[Event "Rilton Cup"]
[Site "Stockholm"]
[Date "1978.??.??"]
[Round "6"]
[White "Bednarski, Jacek B"]
[Black "Burger, Karl"]
[Result "1-0"]
[WhiteElo "2365"]
[BlackElo "2300"]

1.e4 e6 2.d4 d5 3.Nd2 Be7 4.Ngf3 Nf6 5.e5 Nfd7 6.c3 c5 7.Bd3 Nc6 8.O-O Qb6
9.dxc5 Nxc5 10.Bc2 Qa6 11.b4 Nd3 12.b5 Qxb5 13.Qe2  1-0

[Event "Titovo Uzice"]
[Site "Titovo Uzice"]
[Date "1978.??.??"]
[Round "?"]
[White "Matulovic, Milan"]
[Black "Andersson, Ulf"]
[Result "1-0"]
[WhiteElo "2525"]
[BlackElo "2545"]

1.e4 e6 2.d4 d5 3.Nd2 a6 4.Ngf3 c5 5.exd5 exd5 6.dxc5 Bxc5 7.Nb3 Bb6 8.Bg5 Ne7
9.Qd2 Nbc6 10.Be2 O-O 11.O-O h6 12.Be3 Re8 13.Rad1 Bg4 14.Rfe1 Bxe3 15.Qxe3 Ng6
16.Qd2 Qf6 17.Nfd4 Bxe2 18.Rxe2 Rxe2 19.Qxe2 Nf4 20.Qe3 Ne5 21.Ne2 g5 22.Nxf4 gxf4
23.Qc3 f3 24.g3 Qf5 25.Nd4 Qh5 26.Re1 f6 27.Qb3 Rd8 28.Ne6 Qf5 29.Nf4 b5
30.Qa3 Qxc2 31.Qe7 Rf8 32.Nxd5 Qf5 33.Qd6 Qh3 34.Nf4 Qd7 35.Qxa6 Kf7 36.Rc1 Rd8
37.h3 Re8 38.b3 Re7 39.Qa8 Qd2 40.Rf1 Qd4 41.Qh8 Qe4 42.Rc1 Re8 43.Qxh6 Rc8
44.Nh5 Rxc1+ 45.Qxc1 Nd3 46.Qc7+ Qe7 47.Qxe7+ Kxe7 48.a4 b4 49.Nf4 Nc1 50.Nd5+  1-0

[Event "CAN-ch/zt"]
[Site "Toronto"]
[Date "1978.??.??"]
[Round "14"]
[White "South, Robert"]
[Black "Jauregui Andrade, Carlos"]
[Result "0-1"]
[WhiteElo "2200"]
[BlackElo "2365"]

1.e4 e6 2.d4 d5 3.Nd2 Nc6 4.Ngf3 Nf6 5.e5 Ne4 6.c3 f5 7.exf6 Nxf6 8.Bb5 Bd6
9.O-O O-O 10.Re1 Nh5 11.Ne5 Qf6 12.Ndf3 Bxe5 13.dxe5 Qf7 14.Bxc6 bxc6 15.Qd4 h6
16.Be3 Qg6 17.Nh4 Qf7 18.g3 c5 19.Qg4 d4 20.cxd4 cxd4 21.Bxd4 Bb7 22.Rf1 Kh7
23.f4 g6 24.Rad1 Rg8 25.Bc3 Qe8 26.Ng2 Qc6 27.Rd2 Ng7 28.Ne3 Rad8 29.Kf2 Nf5
30.Nxf5 Rxd2+ 31.Bxd2 Qg2+ 32.Ke1 gxf5 33.Qh5 Ba6 34.Qf3 Bxf1 35.Qxf1 Qxh2
36.Qc4 Rxg3 37.Qxc7+ Rg7  0-1

[Event "URS-ch U26"]
[Site "Vilnius"]
[Date "1978.??.??"]
[Round "7"]
[White "Chekhov, Valery A"]
[Black "Yurtaev, Leonid"]
[Result "0-1"]
[WhiteElo "2470"]
[BlackElo "2375"]

1.e4 e6 2.d4 d5 3.Nd2 Nc6 4.Ngf3 Nf6 5.e5 Nd7 6.Bd3 f6 7.Ng5 Ndxe5 8.dxe5 fxg5
9.Qh5+ g6 10.Bxg6+ Kd7 11.Nf3 hxg6 12.Qxg6 Be7 13.Bxg5 Qg8 14.Qxg8 Rxg8 15.h4 b6
16.O-O-O Ba6 17.Bxe7 Kxe7 18.Rdg1 Raf8 19.Kd1 d4 20.h5 Bc4 21.h6 Bd5 22.Nh4 Be4
23.f3 Bh7 24.g3 Nxe5 25.f4 Ng4 26.Kd2 Nf2 27.Rh2 Ne4+ 28.Kd1 Rxf4  0-1

[Event "Wellington"]
[Site "Wellington"]
[Date "1978.??.??"]
[Round "?"]
[White "Chandler, Murray G"]
[Black "Sarapu, Ortvin"]
[Result "1-0"]
[WhiteElo "2390"]
[BlackElo "2290"]

1.e4 e6 2.d4 d5 3.Nd2 Nc6 4.Ngf3 Nf6 5.e5 Nd7 6.Bb5 a6 7.Bxc6 bxc6 8.c4 Be7
9.c5 O-O 10.Qa4 Rb8 11.Nb3 Rb5 12.Na5 Nb8 13.b4 f5 14.Qb3 Bd7 15.a4 Rxa5
16.bxa5 Be8 17.O-O Bh5 18.Ra2 f4 19.Ne1 f3 20.Nxf3 Bxf3 21.gxf3 Bg5 22.Kh1 Nd7
23.Rb2 Bxc1 24.Rxc1 Qh4 25.Qe3 Rf4 26.Rb7 Nf8 27.Rxc7 g5 28.Rg1 Ng6 29.Rg3 Rxd4
30.Qxg5 Rd1+ 31.Kg2 Kf8 32.Qxh4 Nxh4+ 33.Kh3 Nf5 34.Rg4 d4 35.Rxc6 d3 36.Rxe6 d2
37.Rf4 Rg1 38.Rxf5+ Kg7 39.Re7+ Kg8 40.Rd7 d1=Q 41.Rxd1 Rxd1 42.c6  1-0

[Event "Schacknytts Jubileumsturnering"]
[Site "Malmo"]
[Date "1979.12.05"]
[Round "9"]
[White "Westerinen, Heikki MJ"]
[Black "Karlsson, Lars"]
[Result "1-0"]
[WhiteElo "2465"]
[BlackElo "2375"]

1.e4 e6 2.d4 d5 3.Nd2 Be7 4.Bd3 Nf6 5.e5 Nfd7 6.Ne2 c5 7.c3 b6 8.f4 Ba6 9.Bc2 g6
10.Nf3 Nc6 11.Be3 Rc8 12.O-O cxd4 13.cxd4 Na5 14.Rf2 b5 15.a3 Qb6 16.b3 b4
17.a4 Rc6 18.g4 h5 19.h3 hxg4 20.hxg4 Kd8 21.f5 gxf5 22.gxf5 exf5 23.Bxf5 Bxe2
24.Rxe2 Rc3 25.Rb1 Rxe3 26.Rxe3 Qh6 27.Kf2 Qf4 28.Qd3 Bg5 29.Re2 Nc6 30.Kg1 Nxd4
31.Nxd4 Nc5 32.Nc6+ Kc7 33.Qxd5 Qg3+ 34.Kf1 Be3 35.Qd6+ Kb7 36.Na5+ Ka8 37.Be4+  1-0

[Event "URS-ch otbor"]
[Site "Beltsy"]
[Date "1979.??.??"]
[Round "?"]
[White "Malevinsky, Alexander A"]
[Black "Maryasin, Boris"]
[Result "0-1"]
[WhiteElo "2440"]
[BlackElo "2200"]

1.e4 e6 2.d4 d5 3.Nd2 a6 4.Ngf3 Nf6 5.exd5 exd5 6.Bd3 Bd6 7.O-O O-O 8.c3 Bg4
9.Qb3 Nc6 10.a4 Re8 11.a5 Qd7 12.Qc2 g6 13.b4 Nh5 14.g3 Bh3 15.Rd1 Qg4 16.Kh1 Nf4
17.Bf1 Bxf1 18.Rxf1 Re2 19.Ng1 Rae8 20.Qd1 Nd3 21.Nxe2 Rxe2 22.Kg1 Bf4 23.f3 Qe6
24.Ne4 Nxc1 25.gxf4 dxe4 26.Rxc1 exf3 27.Rxf3 Ne7 28.Rf2 Re4 29.c4 Nf5 30.d5 Qe7
31.Qd3 Re3 32.Qd2 Qe4 33.Rd1 Nh4 34.d6 cxd6 35.Qd5 Nf3+ 36.Kh1 Re1+ 37.Rf1 Qxf4
38.Kg2 Nh4+ 39.Kg1 Qxf1+  0-1

[Event "JUG-34ch"]
[Site "Bjelovar"]
[Date "1979.??.??"]
[Round "1"]
[White "Marjanovic, Slavoljub"]
[Black "Arapovic, Vitomir"]
[Result "1-0"]
[WhiteElo "2505"]
[BlackElo "2420"]

1.e4 e6 2.d4 d5 3.Nd2 Nc6 4.Ngf3 g6 5.c3 Bg7 6.Bd3 Nh6 7.O-O O-O 8.Re1 f6
9.b4 a6 10.a4 Nf7 11.Ba3 Ne7 12.b5 c6 13.Qb3 Re8 14.bxc6 bxc6 15.a5 g5 16.h3 dxe4
17.Nxe4 Nd5 18.g3 e5 19.c4 f5 20.cxd5 cxd5 21.Nc3 e4 22.Nxd5 Be6 23.Bc4 Rc8
24.Ne7+ Qxe7 25.Bxe7 Bxc4 26.Qa3 exf3 27.Qxf3 Bxd4 28.Rac1 f4 29.gxf4 Bb2
30.Rcd1 gxf4 31.Qxf4 Rc6 32.Re3 Rg6+ 33.Rg3 Be2 34.Rd5 Bg7 35.Bf6 Bh6 36.Rxg6+ hxg6
37.Qg3 Kh7 38.Rd7 Bc4 39.Qc7 Re1+ 40.Kh2 Kg8  1-0

[Event "Bled/Portoroz"]
[Site "Bled"]
[Date "1979.??.??"]
[Round "?"]
[White "Parma, Bruno"]
[Black "Qi Jingxuan"]
[Result "1-0"]
[WhiteElo "2530"]
[BlackElo "2415"]

1.e4 e6 2.d4 d5 3.Nd2 Be7 4.c3 dxe4 5.Nxe4 Nf6 6.Bd3 Nbd7 7.Nf3 O-O 8.O-O b6
9.Qe2 Bb7 10.Bf4 c5 11.Nxf6+ Bxf6 12.Bd6 Be7 13.Bxe7 Qxe7 14.Be4 Bxe4 15.Qxe4 Nf6
16.Qe2 Rfd8 17.Rad1 Rac8 18.dxc5 Qxc5 19.h3 b5 20.Rxd8+ Rxd8 21.Rd1 Rxd1+
22.Qxd1 Qd5 23.Qd4 Qxd4 24.Nxd4 a6 25.Kf1 Nd5 26.g3 Kf8 27.Ke2 Ke7 28.Kd3 Kd6
29.Nc2 g5 30.c4 bxc4+ 31.Kxc4 h5 32.Nb4 Nc7 33.Nd3 e5 34.Nc5 f5 35.a4 h4
36.gxh4 gxh4 37.b4 Nd5 38.Nb7+ Ke6 39.Nd8+ Kd6 40.Nf7+ Ke6 41.Ng5+ Kd6 42.Nf7+ Ke6
43.Nd8+ Kd6 44.Nb7+ Ke6 45.Nc5+ Kd6 46.Nxa6 e4 47.a5 f4 48.b5 e3 49.fxe3 f3
50.Nc5 Nf6 51.Nb3 Ne4 52.Kd3 Nf2+ 53.Kd4 Nxh3 54.Nd2 Ng5 55.e4 h3 56.e5+ Kc7
57.Nf1 f2 58.Ke3 Nf7 59.Kf4 Nh6 60.e6 Ng8 61.Kg5 Ne7 62.Kf6 Nd5+ 63.Kf7 Ne3
64.e7 Nxf1 65.e8=Q Ng3 66.b6+ Kb7 67.Qd7+ Ka6 68.Qd3+ Kb7 69.a6+ Kc6 70.a7  1-0

[Event "Konex"]
[Site "Buenos Aires"]
[Date "1979.??.??"]
[Round "5"]
[White "Liberzon, Vladimir M"]
[Black "Bernat, Miguel"]
[Result "1-0"]
[WhiteElo "2515"]
[BlackElo "2410"]

1.e4 e6 2.d4 d5 3.Nd2 a6 4.Ngf3 c5 5.exd5 exd5 6.dxc5 Bxc5 7.Nb3 Ba7 8.Bd3 Qe7+
9.Qe2 Nc6 10.O-O Qxe2 11.Bxe2 Nge7 12.Bf4 Bg4 13.h3 Bh5 14.Rfe1 O-O 15.Ne5 Bxe2
16.Rxe2 Nxe5 17.Bxe5 Nc6 18.Bd6 Rfe8 19.Rae1 Rxe2 20.Rxe2 Rc8 21.Kf1 f6 22.Ke1 Kf7
23.c3 Bb6 24.f4 Rd8 25.Bc5 Bc7 26.Be3 Bd6 27.Kf2 Rd7 28.Kf3 h5 29.Rd2 Be7
30.g4 hxg4+ 31.hxg4 Rd8 32.Bb6 Rd7 33.c4 Bb4 34.Rxd5 Rxd5 35.cxd5 Ne7 36.Ke4 Nc8
37.Bc5 Bxc5 38.Nxc5 Nd6+ 39.Kd4 Ke7 40.a4 g6 41.Ne4 Ne8 42.Nc5 Nd6 43.b4 Kd8
44.Ne4 Ne8 45.Kc5 Kd7 46.g5 fxg5 47.fxg5 Nc7 48.Nf6+  1-0

[Event "Konex"]
[Site "Buenos Aires"]
[Date "1979.??.??"]
[Round "13"]
[White "Emma, Jaime"]
[Black "Bernat, Miguel"]
[Result "1-0"]
[WhiteElo "2435"]
[BlackElo "2410"]

1.e4 e6 2.d4 d5 3.Nd2 a6 4.Bd3 c5 5.dxc5 Bxc5 6.Ngf3 Nc6 7.a3 Nge7 8.O-O O-O
9.b4 Bd6 10.Bb2 Ng6 11.Re1 Qc7 12.Rc1 Rd8 13.g3 dxe4 14.Nxe4 Nce5 15.Nxd6 Nxd3
16.Qxd3 Rxd6 17.Qe4 Bd7 18.Nd4 Bc6 19.Qe3 Qe7 20.Nxc6 Rxc6 21.c4 Rd8 22.c5 Rc7
23.a4 Rd5 24.Rcd1 Rcd7 25.Qc3 f6 26.Rxd5 Rxd5 27.c6 bxc6 28.Qxc6 Rd6 29.Qe4 Nf8
30.Bd4 Qd7 31.Bc5 Rd1 32.Rxd1 Qxd1+ 33.Kg2 Kf7 34.Bxf8 Kxf8 35.Qa8+ Kf7 36.Qxa6 Qd4
37.Qb7+  1-0

[Event "BCF-ch"]
[Site "Chester"]
[Date "1979.??.??"]
[Round "10"]
[White "Nunn, John DM"]
[Black "Short, Nigel D"]
[Result "1/2-1/2"]
[WhiteElo "2500"]
[BlackElo "2260"]

1.e4 e6 2.d4 d5 3.Nd2 Nc6 4.Ngf3 Nf6 5.e5 Nd7 6.Bd3 f6 7.Ng5 Ndxe5 8.dxe5 fxg5
9.Qh5+ Kd7 10.Nf3 g6 11.Qg4 Be7 12.Nxg5 Qg8 13.Qa4 h6 14.Nf3 Kd8 15.Bd2 g5
16.h3 Qg7 17.O-O-O Rf8 18.Rhe1 Bd7 19.Bb5 a6 20.Bxc6 Bxc6 21.Qb3 Kc8 22.Be3 a5
23.a3 Ra6 24.Kb1 Qg6  1/2-1/2

[Event "Hastings7980"]
[Site "Hastings"]
[Date "1979.??.??"]
[Round "4"]
[White "Bellin, Robert"]
[Black "Raicevic, Vladimir"]
[Result "0-1"]
[WhiteElo "2425"]
[BlackElo "2440"]

1.e4 e6 2.d4 d5 3.Nd2 a6 4.Ngf3 c5 5.dxc5 Bxc5 6.Bd3 Nc6 7.a3 Nge7 8.b4 Ba7
9.Bb2 O-O 10.O-O Ng6 11.c4 dxc4 12.Nxc4 b5 13.Nce5 Ncxe5 14.Nxe5 Nf4 15.Bc2 Qg5
16.Qf3 Bb8 17.Qg4 Qxg4 18.Nxg4 Bb7 19.Rfd1 h5 20.Ne5 Rc8 21.Rd2 Nxg2 22.Bd1 Nf4
23.Nxf7 Bxe4 24.Nd6 Bxd6 25.Rxd6 Rd8 26.Rd4 Nh3+ 27.Kf1 Rf8 28.Rd2 Rf5 29.Rc1 Raf8
30.Bd4 Bd5 31.Rc7 Rg5 32.Ke2 Bc4+ 33.Ke3 Nf4 34.Bf3 Bd5 35.Bd1  0-1

[Event "Lone Pine op"]
[Site "Lone Pine"]
[Date "1979.??.??"]
[Round "7"]
[White "Wilder, Michael"]
[Black "Blocker, Calvin"]
[Result "1-0"]
[WhiteElo "2255"]
[BlackElo "2435"]

1.e4 e6 2.d4 d5 3.Nd2 Nc6 4.Ngf3 Nf6 5.e5 Ne4 6.Bd3 Nxd2 7.Bxd2 Nb4 8.Be2 c5
9.c3 Nc6 10.O-O Be7 11.Be3 b6 12.Ne1 O-O 13.f4 a5 14.Bd3 Ba6 15.Bxa6 Rxa6
16.Qh5 cxd4 17.cxd4 Ra7 18.a3 Rc7 19.Nf3 Qe8 20.Qh3 Qd7 21.g4 f5 22.exf6 gxf6
23.Kh1 Bd6 24.Rae1 Ne7 25.Rg1 Kh8 26.Nh4 Rg8 27.Rg2 Qc8 28.Bd2 Rc2 29.Rge2 Rg7
30.Nf3 Rxb2 31.Rxe6 Bxa3 32.f5 Rb3 33.Bh6 Rf7 34.Qh5 Qg8 35.g5 fxg5 36.f6 Qg6
37.fxe7 Bxe7 38.Rxg6 hxg6 39.Qxg6 Rbxf3 40.Qxb6 R3f6 41.Qb8+  1-0

[Event "Lone Pine op"]
[Site "Lone Pine"]
[Date "1979.??.??"]
[Round "8"]
[White "Hort, Vlastimil"]
[Black "Seirawan, Yasser"]
[Result "1-0"]
[WhiteElo "2600"]
[BlackElo "2485"]

1.e4 e6 2.d4 d5 3.Nd2 Nc6 4.Ngf3 Nf6 5.e5 Nd7 6.Be2 Ncb8 7.h4 b6 8.h5 c5
9.c3 cxd4 10.cxd4 Ba6 11.h6 g6 12.Nf1 Be7 13.Bd2 Bxe2 14.Qxe2 Nc6 15.Rc1 Rc8
16.N1h2 Qc7 17.O-O O-O 18.Ng4 Qb7 19.Rc3 Ncb8 20.Bg5 Bxg5 21.Nxg5 Rxc3 22.bxc3 Qc8
23.Rc1 Nc6 24.Qb5 Kh8 25.Qa4 Na5 26.Qa3 Qd8 27.f4 Kg8 28.Qd6 Kh8 29.Nf6 Nxf6
30.Nxf7+ Rxf7 31.Qxd8+ Ng8 32.Qe8 Re7 33.Qf8 Nc4 34.Kf2 Nd2 35.Ke3 Nc4+ 36.Ke2 b5
37.Rb1 a6 38.a4 Rd7 39.axb5 axb5 40.Rxb5 Ra7 41.Rb8 Ra2+ 42.Ke1  1-0

[Event "Lone Pine op"]
[Site "Lone Pine"]
[Date "1979.??.??"]
[Round "9"]
[White "Balinas, Rosendo Carrean"]
[Black "Blocker, Calvin"]
[Result "0-1"]
[WhiteElo "2365"]
[BlackElo "2435"]

1.e4 e6 2.d4 d5 3.Nd2 Nc6 4.Ngf3 Nf6 5.e5 Ne4 6.c3 Nxd2 7.Qxd2 Bd7 8.Bd3 Qe7
9.Ng5 h6 10.Nh7 O-O-O 11.Nxf8 Rdxf8 12.b3 f6 13.a4 Rfg8 14.Ba3 Qf7 15.f4 g5
16.O-O f5 17.Kh1 Rh7 18.g4 Rhg7 19.gxf5 exf5 20.Rg1 Nd8 21.Qf2 Ne6 22.Bc1 g4
23.Ba3 h5 24.Raf1 h4 25.Qxh4 Rh7 26.Qf2 Rgh8 27.Rg3 Ng7 28.Kg1 Nh5 29.Rg2 g3
30.Qf3 gxh2+ 31.Rxh2 Nf6 32.Rxh7 Qxh7 33.Kf2 Qh2+ 34.Ke1 Ne4 35.Bxe4 fxe4
36.Qf2 Qh3 37.Bc1 Qxc3+ 38.Bd2 Qa1+ 39.Ke2 Bg4+ 40.Ke3 Rh3+  0-1

[Event "Luzern"]
[Site "Luzern"]
[Date "1979.??.??"]
[Round "?"]
[White "Gruenfeld, Yehuda"]
[Black "Karlsson, Lars"]
[Result "1-0"]
[WhiteElo "2430"]
[BlackElo "2375"]

1.e4 e6 2.d4 d5 3.Nd2 Be7 4.Ngf3 Nf6 5.Bd3 c5 6.exd5 exd5 7.dxc5 O-O 8.O-O Nc6
9.Nb3 Bg4 10.Be2 Ne4 11.Be3 Rc8 12.Nfd2 Bxe2 13.Qxe2 f5 14.Nxe4 dxe4 15.Bf4 Bf6
16.Rad1 Qe8 17.Bd6 Rf7 18.c3 Qe6 19.f3 Re8 20.Rfe1 a5 21.Qb5 Bh4 22.g3 Qg6
23.Kh1 Bxg3 24.hxg3 Qh5+ 25.Kg1 Re6 26.Qe2 f4 27.g4 Qg6 28.Nd4 Nxd4 29.Rxd4 e3
30.Bxf4 h5 31.Bxe3 Rfe7 32.Qd3  1-0

[Event "Rubinstein mem"]
[Site "Polanica Zdroj"]
[Date "1979.??.??"]
[Round "10"]
[White "Kruszynski, Wlodzimierz"]
[Black "Schinzel, Wladyslaw"]
[Result "1-0"]
[WhiteElo "2285"]
[BlackElo "2400"]

1.e4 e6 2.d4 d5 3.Nd2 Be7 4.Ngf3 Nf6 5.e5 Nfd7 6.Bd3 c5 7.c3 Nc6 8.O-O a5
9.Re1 cxd4 10.cxd4 Qb6 11.Qe2 a4 12.Qe3 f6 13.exf6 Nxf6 14.Nf1 O-O 15.h3 Bd7
16.Bd2 Bd6 17.Bc3 a3 18.b3 Rae8 19.Rad1 Nb4 20.Bb1 Ne4 21.g3 h6 22.N1h2 Rc8
23.Rc1 Nxc3 24.Rxc3 Rxc3 25.Qxc3 Rc8 26.Qd2 Qc7 27.Ne5 Bxe5 28.Qxb4 Bd6 29.Qd2 Qc3
30.Qd1 Bb4 31.Rf1 Bb5 32.Qg4 Bxf1 33.Qxe6+ Kf8 34.Nxf1 Rc6 35.Qxd5 Qe1 36.Bh7 Rf6
37.Qg8+ Ke7 38.f4 Bc3 39.Qd5 Rd6 40.Qxb7+ Rd7 41.Qf3 Bxd4+ 42.Kg2 Qc1 43.h4 Qb2+
44.Kh3 Qxa2 45.Qe4+ Kd8 46.Qa8+ Kc7 47.Qa5+ Bb6 48.Qe5+ Kb7 49.Be4+ Ka7 50.Qe8 Ka6
51.Qc8+ Ka5 52.Qc3+ Ka6 53.Qc4+ Ka7 54.Qa4+  1-0

[Event "Rubinstein mem"]
[Site "Polanica Zdroj"]
[Date "1979.??.??"]
[Round "10"]
[White "Borkowski, Franciszek"]
[Black "Spiridonov, Nikola"]
[Result "0-1"]
[WhiteElo "2395"]
[BlackElo "2440"]

1.e4 e6 2.d4 d5 3.Nd2 Be7 4.c3 dxe4 5.Nxe4 Nf6 6.Nxf6+ Bxf6 7.Nf3 Nd7 8.Bf4 O-O
9.Bd3 Re8 10.Qc2 e5 11.dxe5 Nxe5 12.Nxe5 Bxe5 13.Be3 Qh4 14.O-O-O Be6 15.g3 Qh5
16.h3 g6 17.g4 Qh4 18.f4 Bd6 19.Bb5 Bd7 20.Bf2 Qd8 21.Bxd7 Qxd7 22.f5 Qc6
23.fxg6 hxg6 24.Rhe1 Rxe1 25.Rxe1 Re8 26.Rxe8+ Qxe8 27.Qd3 Qa4 28.Kb1 Be5
29.Qf3 a5 30.h4 Qc4 31.h5 gxh5 32.gxh5 Qf4 33.Qe2 a4 34.Be1 Qf5+ 35.Ka1 Kh7
36.a3 c6 37.Ka2 Bf4 38.c4 Be5 39.Bb4 Bg7 40.Bd6 b5 41.Ka1 Kh6 42.Bb4 Kh7
43.Bd6 Qh3 44.Bb4 f5 45.cxb5 Qh1+ 46.Be1 cxb5 47.Qe8 Qe4 48.Qg6+ Kh8 49.h6 Qxe1+
50.Ka2 Be5 51.Qxf5 Qe2 52.Qf8+ Kh7 53.Qf7+ Kxh6 54.Qf8+ Kg5 55.Qe7+ Kg4 56.Qe6+ Kg3
57.Qg6+ Kf4 58.Qh6+ Kf5 59.Qh7+ Kf6 60.Qh6+ Ke7 61.Qh7+ Kd6 62.Qh6+ Kd5 63.Qh1+ Kc5
64.Qg1+ Bd4 65.Qg5+ Qe5 66.Qc1+ Kd6 67.Qd2 Qe6+ 68.Ka1 Qe3 69.Qb4+ Kc6 70.Kb1 Qd3+
71.Ka1 Qf1+ 72.Ka2 Qc4+ 73.Kb1 Qxb4 74.axb4 Kd5 75.Ka2 Kc4 76.Ka3 Bxb2+  0-1

[Event "URS-ch (Women)"]
[Site "Tbilisi"]
[Date "1979.??.??"]
[Round "13"]
[White "Voronova, Tatiana"]
[Black "Grinfeld, Alla B"]
[Result "1-0"]
[WhiteElo "2000"]
[BlackElo "2215"]

1.e4 e6 2.d4 d5 3.Nd2 Nc6 4.Ngf3 Nf6 5.e5 Nd7 6.Nb3 a5 7.Bb5 Be7 8.O-O a4
9.Nbd2 a3 10.b3 Ncb8 11.Re1 b6 12.Bd3 c5 13.c3 Nc6 14.Nf1 cxd4 15.cxd4 Nb4
16.Bb1 Qc7 17.Bd2 h6 18.Re3 Ba6 19.Ne1 Rc8 20.Qg4 Bf8 21.Ng3 Qc6 22.Rf3 Rc7
23.h4 Qb5 24.Kh2 g5 25.Qh5 Nb8 26.hxg5 N8c6 27.Be3 Qa5 28.g6 Nd8 29.gxf7+ Kd7
30.Bd2 Qb5 31.Qg6 Be7 32.Qg8 Nxf7 33.Qxf7 Rf8 34.Qg6 Rcc8 35.Rxf8 Rxf8 36.Nf3 Qc6
37.Qh7 Kd8 38.Qg6 Kd7 39.Kg1 Qc8 40.Nh5 Be2 41.Nf6+ Bxf6 42.exf6 Bxf3 43.Qg7+ Kc6
44.gxf3 Kb5 45.f7  1-0

[Event "CSR-ch"]
[Site "Trencianske Teplice"]
[Date "1979.??.??"]
[Round "6"]
[White "Ambroz, Jan"]
[Black "Dobosz, Henryk"]
[Result "1/2-1/2"]
[WhiteElo "2320"]
[BlackElo "2380"]

1.e4 e6 2.d4 d5 3.Nd2 Be7 4.e5 c5 5.c3 Nc6 6.Ndf3 cxd4 7.cxd4 f6 8.Bd3 Qb6
9.Ne2 fxe5 10.dxe5 Bb4+ 11.Bd2 Bxd2+ 12.Qxd2 Nh6 13.O-O Nf7 14.Nf4 O-O 15.Qc2 Nfxe5
16.Bxh7+ Kh8 17.Ng6+ Nxg6 18.Qxg6 Rf5 19.h4 Qd8 20.Ng5 Rf6 21.Qc2 Bd7 22.Bg6 Ne5
23.Be8 Rh6  1/2-1/2

[Event "URS Spartakiad"]
[Site "URS"]
[Date "1979.??.??"]
[Round "?"]
[White "Eolian, Levon S"]
[Black "Maryasin, Boris"]
[Result "1/2-1/2"]
[WhiteElo "2200"]
[BlackElo "2250"]

1.e4 e6 2.d4 d5 3.Nd2 Be7 4.Bd3 Nc6 5.c3 dxe4 6.Nxe4 e5 7.dxe5 Nxe5 8.Bb5+ c6
9.Qxd8+ Bxd8 10.Be2 Bc7 11.Nf3 Bf5 12.Nxe5 Bxe5 13.Bd3 Ne7 14.Bg5 O-O-O 15.Bc2 Rhe8
16.O-O f6 17.Be3 Kb8 18.f3 Bg6 19.Rad1 Nd5 20.Bf2 Bc7 21.Rfe1 Bb6 22.Bb3 Nf4
23.Bxb6 axb6 24.Rxd8+ Rxd8 25.g3 Nd3 26.Rd1 Bxe4 27.fxe4 Kc7 28.Rd2 Ne5 29.Re2 b5
30.Bc2 Nc4 31.Bb3 Ne5 32.Bc2 Kb6 33.Kf2 Kc5 34.Ke3 Ra8 35.Bb3 Rd8 36.Bc2 Rd6
37.Kf4 Ng6+ 38.Ke3 Re6 39.Bb3 Re7 40.Bc2 Ne5 41.Kf4 Rd7 42.Kf5 Rd6 43.h4 h5
44.Kf4 g6 45.Rh2 Rd8 46.Re2 b4 47.cxb4+ Kxb4 48.Re3 Rd2 49.Rc3 Nc4 50.Kf3 Ne5+
51.Ke3 Rg2 52.Kd4 Rd2+ 53.Ke3 Rg2 54.a3+ Kb5 55.Kd4 Rd2+ 56.Ke3 Rg2 57.Kd4 Rd2+
58.Ke3 Rg2 59.Kd4  1/2-1/2

[Event "Warszawa Cup5-A"]
[Site "Warsaw"]
[Date "1979.??.??"]
[Round "5"]
[White "Bernard, Ryszard"]
[Black "Marszalek, Rafal"]
[Result "1/2-1/2"]
[WhiteElo "2340"]
[BlackElo "2340"]

1.e4 e6 2.d4 d5 3.Nd2 a6 4.Ngf3 c5 5.dxc5 Bxc5 6.Bd3 Nf6 7.Qe2 Nc6 8.a3 O-O
9.O-O h6 10.e5 Nd7 11.c4 f6 12.exf6 Nxf6  1/2-1/2

[Event "Berlin tt"]
[Site "Berlin-West"]
[Date "1980.??.??"]
[Round "?"]
[White "Kristiansen, Jens"]
[Black "Hecht, Hans Joachim"]
[Result "1/2-1/2"]
[WhiteElo "2430"]
[BlackElo "2485"]

1.e4 e6 2.d4 d5 3.Nd2 Nc6 4.Ngf3 Nf6 5.e5 Ne4 6.c3 Nxd2 7.Bxd2 Be7 8.Bd3 b6
9.h4 h6 10.h5 Nb8 11.Ng1 Qd7 12.Qg4 Bf8 13.Qe2 a5 14.f4 Ba6 15.Nf3 Bxd3 16.Qxd3 Nc6
17.O-O O-O-O 18.Qa6+ Kb8 19.a4 Qc8 20.Qb5 Kb7 21.b4 Qd7 22.Rfb1 Ra8 23.Ne1 Be7
24.Nd3 Kc8 25.Be3 f5 26.Rc1 Rg8 27.Rab1 g6 28.hxg6 Rxg6 29.Rb2 h5 30.Rbc2 Ra7
31.Kh2 h4 32.Bf2 Bd8 33.Rb2 Rg4 34.Be3 Rg3 35.Bf2 Rg4 36.Be3 Rg3  1/2-1/2

[Event "Budapest"]
[Site "Budapest"]
[Date "1980.??.??"]
[Round "?"]
[White "Tompa, Janos"]
[Black "Hausner, Ivan"]
[Result "1/2-1/2"]
[WhiteElo "2440"]
[BlackElo "2445"]

1.e4 e6 2.d4 d5 3.Nd2 Be7 4.c3 dxe4 5.Nxe4 Nd7 6.Bd3 Ngf6 7.Nf3 O-O 8.O-O b6
9.Ne5 Bb7 10.Qe2 c5 11.Nxd7 Qxd7 12.dxc5 Nxe4 13.Bxe4 Bxe4 14.Qxe4 Bxc5 15.a4  1/2-1/2

[Event "Capablanca mem-A"]
[Site "Cienfuegos"]
[Date "1980.??.??"]
[Round "?"]
[White "Radulov, Ivan"]
[Black "Sisniega, Marcel"]
[Result "0-1"]
[WhiteElo "2465"]
[BlackElo "2420"]

1.e4 e6 2.d4 d5 3.Nd2 Nc6 4.Ngf3 Nf6 5.e5 Nd7 6.Be2 Be7 7.O-O O-O 8.c4 dxc4
9.Nxc4 Nb4 10.a3 Nd5 11.Qc2 N7b6 12.Na5 f5 13.exf6 gxf6 14.Bd3 Rf7 15.Nb3 Nd7
16.Re1 Nf8 17.Na5 c5 18.Nb3 cxd4 19.Nbxd4 Qc7 20.Bh6 e5 21.Qxc7 Nxc7 22.Bc4 Nfe6
23.Nxe5 fxe5 24.Rxe5 Nxd4 25.Rd1 Be6 26.Rxd4 Bf6 27.Bxe6 Nxe6 28.Rg4+ Ng7
29.Re2 Rd8 30.g3 Rd4 31.Rxd4 Bxd4 32.Bf4 Rf6 33.Kg2 Rb6 34.b4 Ne6 35.Be3 Kf7
36.f4 Rc6 37.f5 Bxe3 38.Rxe3 Nd4 39.Rd3 Rc4 40.g4 Kf6 41.Kf2 Ke5 42.Re3+ Kf4
43.Re7 Nf3 44.f6 Rc2+ 45.Kf1 Rxh2  0-1

[Event "Capablanca mem-A"]
[Site "Cienfuegos"]
[Date "1980.??.??"]
[Round "?"]
[White "Nogueiras, Jesus"]
[Black "Knaak, Rainer"]
[Result "0-1"]
[WhiteElo "2455"]
[BlackElo "2535"]

1.e4 e6 2.d4 d5 3.Nd2 Be7 4.Ngf3 Nf6 5.Bd3 c5 6.e5 Nfd7 7.c3 Nc6 8.O-O Qb6
9.Re1 a5 10.a3 cxd4 11.cxd4 a4 12.Qc2 Nxd4 13.Nxd4 Qxd4 14.Nf3 Qa7 15.Be3 b6
16.Bxh7 Nc5 17.Bd3 Ba6 18.Bxa6 Qxa6 19.Rad1 Rc8 20.Rd4 b5 21.Qe2 Ne4 22.Rd3 Rc4
23.Nd4 Nc5 24.Rdd1 Nb3 25.f4 Nxd4 26.Rxd4 O-O 27.Rxc4 dxc4 28.Rd1 Qc6 29.g3 c3
30.bxc3 Bxa3 31.Rb1 Rb8 32.Bd4 Be7 33.Qg2 Qd7 34.Qe4 Rd8 35.Bb6 Rc8 36.Bd4 Bf8
37.g4 b4 38.cxb4 Rc4  0-1